[Event "TV2 Chess International"]
[Site "Fagernes"]
[Date "2015.12.27"]
[Round "1"]
[White "Hansen, Torbjørn R."]
[Black "Postny, Evgeny"]
[Result "1/2-1/2"]
[WhiteElo "2472"]
[BlackElo "2670"]
[PlyCount "107"]
[EventDate "2015.??.??"]

1. e4 e5 2. Nf3 Nc6 3. Bb5 a6 4. Ba4 Nf6 5. O-O Be7 6. Re1 b5 7. Bb3 d6 8. c3
O-O 9. h3 Nb8 10. d4 Nbd7 11. Nh4 Nb6 12. dxe5 dxe5 13. Qf3 c5 14. Nf5 Bxf5 15.
Qxf5 c4 16. Bc2 Nfd7 17. Nd2 g6 18. Qg4 h5 19. Qg3 Bh4 20. Qf3 Bg5 21. Nf1 Bxc1
22. Raxc1 Qf6 23. Qe3 Rfd8 24. Nh2 Kg7 25. Rcd1 Qe7 26. Rd2 Nc5 27. Red1 Rxd2
28. Rxd2 Ra7 29. Nf3 Rd7 30. Rxd7 Nbxd7 31. b4 cxb3 32. axb3 Qe6 33. Ng5 Qc6
34. g3 Ne6 35. Nxe6+ Qxe6 36. Kg2 Qc6 37. b4 Nb6 38. Qd3 Na4 39. c4 bxc4 40.
Bxa4 Qxa4 41. Qxc4 a5 42. Qc3 axb4 43. Qxe5+ Kg8 44. Qb8+ Kh7 45. Qb7 Qb3 46.
e5 Kh6 47. h4 Qc4 48. e6 fxe6 49. Qe7 Qd5+ 50. Kg1 Qd1+ 51. Kg2 Qd4 52. Qf8+
Kh7 53. Qe7+ Kh6 54. Qf8+
1/2-1/2

[Event "TV2 Chess International"]
[Site "Fagernes"]
[Date "2015.12.27"]
[Round "1"]
[White "Vovk, Yuri"]
[Black "Getz, Nicolai"]
[Result "1/2-1/2"]
[WhiteElo "2626"]
[BlackElo "2410"]
[PlyCount "96"]
[EventDate "2015.??.??"]

1. e4 e5 2. Nf3 Nc6 3. Bb5 a6 4. Ba4 Nf6 5. O-O b5 6. Bb3 Bb7 7. d3 Be7 8. a4
O-O 9. Re1 d6 10. Nbd2 Na5 11. Ba2 c5 12. Nf1 b4 13. Ng3 Bc8 14. c3 bxc3 15.
bxc3 Be6 16. d4 Bxa2 17. Rxa2 cxd4 18. cxd4 exd4 19. Nxd4 g6 20. Rc2 Qd7 21.
Bd2 Bd8 22. Bb4 Re8 23. Qd2 Nb7 24. Nc6 Bb6 25. Qg5 Re6 26. Nf5 Rae8 27. h3 Nc5
28. Nh6+ Kf8 29. Nd4 Ncxe4 30. Nxe6+ Rxe6 31. Qc1 Qxa4 32. Qb2 Kg7 33. Ng4 Bd4
34. Qxd4 Qxc2 35. Nxf6 Nxf6 36. Rxe6 fxe6 37. Qxd6 g5 38. Qe7+ Kg6 39. Qxe6
Qb1+ 40. Be1 Qe4 41. Qxe4+ Nxe4 42. Kf1 Kf5 43. Ke2 Ke5 44. Ke3 Nd6 45. Bc3+
Kf5 46. g4+ Ke6 47. f4 gxf4+ 48. Kxf4 Nb5
1/2-1/2

[Event "TV2 Chess International"]
[Site "Fagernes"]
[Date "2015.12.27"]
[Round "1"]
[White "Mihajlov, Sebastian"]
[Black "Vovk, Andrey"]
[Result "0-1"]
[WhiteElo "2335"]
[BlackElo "2617"]
[PlyCount "34"]
[EventDate "2015.??.??"]

1. d4 Nf6 2. c4 g6 3. Nc3 Bg7 4. e4 d6 5. f4 O-O 6. Nf3 c5 7. dxc5 Na6 8. cxd6
exd6 9. Bd3 Qb6 10. Qe2 Nc5 11. Be3 Qxb2 12. Rc1 Nxd3+ 13. Qxd3 Qxg2 14. Rf1
Re8 15. Rc2 Qg4 16. Re2 b6 17. Nd2 Qh4+
0-1

[Event "TV2 Chess International"]
[Site "Fagernes"]
[Date "2015.12.27"]
[Round "1"]
[White "Prohaszka, Peter"]
[Black "Merkesvik, Sondre"]
[Result "1-0"]
[WhiteElo "2607"]
[BlackElo "2190"]
[PlyCount "81"]
[EventDate "2015.??.??"]

1. Nf3 Nf6 2. c4 g6 3. Nc3 d5 4. cxd5 Nxd5 5. Qb3 Nb6 6. d4 Bg7 7. Bf4 Be6 8.
Qa3 O-O 9. e3 Nc6 10. Bb5 Nc4 11. Qc5 N4a5 12. Bxc6 Nxc6 13. d5 Bxc3+ 14. Qxc3
Qxd5 15. Bh6 Qa5 16. Qxa5 Nxa5 17. Bxf8 Rxf8 18. b4 Nc4 19. O-O Na3 20. Rfc1 c6
21. Nd4 Bd5 22. Rc3 Nb5 23. Nxb5 cxb5 24. Rd1 e6 25. f3 Ra8 26. a3 Kf8 27. h4
h6 28. Kf2 Ke8 29. Rc7 Bc6 30. Rd4 e5 31. Rd6 h5 32. g4 hxg4 33. fxg4 a5 34. h5
gxh5 35. Rh6 Kd8 36. Rcxc6 bxc6 37. Rh8+ Kd7 38. Rxa8 axb4 39. gxh5 b3 40. Rg8
b2 41. Rg1
1-0

[Event "TV2 Chess International"]
[Site "Fagernes"]
[Date "2015.12.27"]
[Round "1"]
[White "Gutsko, Anastasia"]
[Black "Rausis, Igors"]
[Result "0-1"]
[WhiteElo "2177"]
[BlackElo "2600"]
[PlyCount "64"]
[EventDate "2015.??.??"]

1. e4 e5 2. Nf3 Nc6 3. Bb5 a6 4. Ba4 Nf6 5. O-O b5 6. Bb3 Bb7 7. d3 Bc5 8. Nc3
d6 9. a4 b4 10. Nd5 Na5 11. Bg5 Nxb3 12. Bxf6 gxf6 13. cxb3 f5 14. Qd2 c6 15.
Nxb4 Qb6 16. Na2 fxe4 17. dxe4 Qxb3 18. Qg5 h6 19. Qf6 Rg8 20. Nh4 Bc8 21. Nf5
Bxf5 22. Qxf5 Qxb2 23. Qh7 Ke7 24. Qxh6 Bxf2+ 25. Kh1 Rxg2 26. Rab1 Rag8 27.
Rfd1 Qd4 28. h4 Rg1+ 29. Rxg1 Qxe4+ 30. Kh2 Bxg1+ 31. Rxg1 Qe2+ 32. Kh1 Qf3+
0-1

[Event "TV2 Chess International"]
[Site "Fagernes"]
[Date "2015.12.27"]
[Round "1"]
[White "Antal, Gergely"]
[Black "Kaasen, Tor Fredrik"]
[Result "1-0"]
[WhiteElo "2565"]
[BlackElo "2168"]
[PlyCount "75"]
[EventDate "2015.??.??"]

1. e4 c5 2. Nf3 d6 3. d4 cxd4 4. Qxd4 Nc6 5. Bb5 Bd7 6. Bxc6 Bxc6 7. Nc3 Nf6 8.
Bg5 e5 9. Qd3 Be7 10. O-O O-O 11. Rfd1 Qb6 12. Bxf6 Bxf6 13. a4 Be7 14. Nd2
Rac8 15. Nc4 Qb4 16. b3 Rfd8 17. Qe3 Bg5 18. Qg3 Bf4 19. Qh3 Bd7 20. Qf3 Be6
21. Nd5 Bxd5 22. Rxd5 Rc5 23. Rd3 f5 24. exf5 d5 25. Qd1 e4 26. c3 Qxc4 27.
bxc4 exd3 28. Qxd3 Rxc4 29. Re1 Rxa4 30. f6 gxf6 31. g3 Be5 32. f4 Bc7 33. Re7
Bb6+ 34. Kg2 Re4 35. Rxb7 f5 36. Qd1 Re6 37. Qh5 h6 38. Qf7+
1-0

[Event "TV2 Chess International"]
[Site "Fagernes"]
[Date "2015.12.27"]
[Round "1"]
[White "Ranaldi, Lucas"]
[Black "Urkedal, Frode Olav Olsen"]
[Result "1/2-1/2"]
[WhiteElo "2140"]
[BlackElo "2507"]
[PlyCount "120"]
[EventDate "2015.??.??"]

1. d4 Nf6 2. c4 e6 3. Nc3 Bb4 4. e3 O-O 5. Nge2 d5 6. a3 Bd6 7. c5 Be7 8. b4 b6
9. Nf4 c6 10. Bb2 Nbd7 11. Be2 bxc5 12. bxc5 Qc7 13. Nd3 e5 14. f4 exd4 15.
exd4 Ne4 16. O-O Rb8 17. Qc2 Ndf6 18. Ne5 Nxc3 19. Bxc3 Ne4 20. Bf3 Nxc3 21.
Qxc3 f6 22. Nd3 Re8 23. Rab1 Bf5 24. Rxb8 Rxb8 25. g3 Qb7 26. Bd1 Be4 27. Bc2
Qd7 28. Nf2 f5 29. Nd3 Bxd3 30. Qxd3 Bf6 31. g4 g6 32. gxf5 Qxf5 33. Qxf5 Bxd4+
34. Kg2 gxf5 35. Bxf5 Rb5 36. Rc1 Bb2 37. Rc2 Bxa3 38. Bd7 Rxc5 39. Rxc5 Bxc5
40. Bxc6 d4 41. Bb5 Kf7 42. Kf3 Ke6 43. Ke4 a5 44. h3 Bb6 45. Ba4 Kd6 46. f5
Kc5 47. f6 Kb4 48. f7 Bc5 49. Bd7 Kc3 50. Bb5 Bf8 51. Ba4 d3 52. Ke3 Bg7 53.
Ke4 Bh6 54. h4 Bg7 55. h5 Bh6 56. Bd1 Kc4 57. Ba4 d2 58. Kf3 Kb4 59. Bd1 a4 60.
Bxa4 Kxa4
1/2-1/2

[Event "TV2 Chess International"]
[Site "Fagernes"]
[Date "2015.12.27"]
[Round "1"]
[White "Pavlovic, Milos"]
[Black "Nordquelle, Daniel"]
[Result "1-0"]
[WhiteElo "2496"]
[BlackElo "2115"]
[PlyCount "111"]
[EventDate "2015.??.??"]

1. Nf3 Nf6 2. g3 g6 3. Bg2 Bg7 4. O-O O-O 5. c4 c6 6. b3 Ne4 7. d4 d5 8. Bb2 f5
9. e3 e6 10. Ne5 Nd7 11. Nd3 b6 12. f3 Nd6 13. Nd2 Ba6 14. Qc2 Qe7 15. e4 e5
16. exd5 cxd5 17. Nxe5 Nxe5 18. dxe5 Bxe5 19. f4 Bxb2 20. Bxd5+ Nf7 21. Qxb2
Rad8 22. Rf2 Bb7 23. Bxb7 Qxb7 24. Re1 Rfe8 25. Rfe2 Qc6 26. Nf3 Nd6 27. Re7
Nf7 28. Rxe8+ Rxe8 29. Rxe8+ Qxe8 30. Qd2 Qe6 31. Kf2 Qe7 32. Qd5 Kg7 33. Ne5
Nd6 34. Ke3 Ne4 35. Qd7 Qxd7 36. Nxd7 Kf7 37. Ne5+ Ke6 38. Nc6 a5 39. a3 Kd6
40. Ne5 Kc5 41. Nd3+ Kc6 42. b4 Nc3 43. Kd4 Nb1 44. bxa5 bxa5 45. a4 Nd2 46.
Ne5+ Kc7 47. Kc5 Nf1 48. Nf3 h6 49. Kb5 Kd6 50. Kb6 Ne3 51. c5+ Kd5 52. Ne5 g5
53. c6 Kd6 54. Kb7 Nd5 55. Nc4+ Kc5 56. Nxa5
1-0

[Event "TV2 Chess International"]
[Site "Fagernes"]
[Date "2015.12.27"]
[Round "1"]
[White "Machlik, Edit"]
[Black "Turner, Matthew J"]
[Result "0-1"]
[WhiteElo "2034"]
[BlackElo "2493"]
[PlyCount "48"]
[EventDate "2015.??.??"]

1. d4 Nf6 2. c4 e6 3. Nc3 Bb4 4. Qc2 O-O 5. a3 Bxc3+ 6. Qxc3 b6 7. Bg5 Ba6 8.
Qf3 Nc6 9. Bxf6 Qxf6 10. Qxf6 gxf6 11. e3 Na5 12. Rc1 c5 13. dxc5 bxc5 14. Nf3
Rab8 15. Rc2 Rb6 16. Nd2 Rfb8 17. Ne4 Rxb2 18. Kd2 Rb1 19. Nxf6+ Kg7 20. Nh5+
Kf8 21. Ng3 Nb3+ 22. Kc3 Na1 23. Ra2 Rc1+ 24. Kd2 Nb3+
0-1

[Event "TV2 Chess International"]
[Site "Fagernes"]
[Date "2015.12.27"]
[Round "2"]
[White "Postny, Evgeny"]
[Black "Ranaldi, Lucas"]
[Result "1-0"]
[WhiteElo "2670"]
[BlackElo "2140"]
[PlyCount "243"]
[EventDate "2015.??.??"]

1. d4 Nf6 2. c4 e6 3. g3 c5 4. d5 d6 5. Nc3 exd5 6. cxd5 g6 7. Bg2 Bg7 8. Nf3
O-O 9. O-O Re8 10. Nd2 a6 11. a4 Nbd7 12. h3 Rb8 13. a5 b5 14. axb6 Nxb6 15.
Qc2 Qc7 16. Rd1 c4 17. Nf1 Nfd7 18. Bf4 Nc5 19. Ra2 Bf5 20. e4 Bd7 21. Qd2 Nba4
22. Ne3 Nxc3 23. bxc3 Bb5 24. Qc2 Nd3 25. Ng4 h5 26. Nh2 Nxf4 27. gxf4 Qe7 28.
e5 dxe5 29. f5 e4 30. fxg6 fxg6 31. Re1 Qe5 32. Re3 Qxd5 33. Bxe4 Qd6 34. Rg3
Bc6 35. Rxg6 Bxe4 36. Rxd6 Bxc2 37. Rxc2 Rb1+ 38. Kg2 Rb3 39. Rxa6 Bxc3 40. Rc6
Rf8 41. Nf1 Bd4 42. R6xc4 Rxf2+ 43. Rxf2 Bxf2 44. Kxf2 Rxh3 45. Rc7 Ra3 46. Kg2
h4 47. Rd7 Rb3 48. Nd2 Rg3+ 49. Kh2 Rg7 50. Rd6 Kf7 51. Nf3 Ke7 52. Ra6 Rg4 53.
Rh6 Rf4 54. Ng5 Rg4 55. Re6+ Kd7 56. Re5 Rg3 57. Ne4 Ra3 58. Nf6+ Kd6 59. Re2
Rf3 60. Ng4 Kd5 61. Re8 Rg3 62. Ne3+ Kc6 63. Re5 Rf3 64. Re4 Kc5 65. Ng4 Kd5
66. Re2 Ra3 67. Nf2 Rf3 68. Nh3 Rg3 69. Nf4+ Kc5 70. Rd2 Rf3 71. Nd3+ Kb6 72.
Ne5 Rc3 73. Ng6 h3 74. Nh4 Kc5 75. Nf5 Kc4 76. Ng3 Rd3 77. Ra2 Kd5 78. Ra4 Rd4
79. Ra5+ Ke6 80. Rh5 Ra4 81. Rh6+ Ke5 82. Rh5+ Ke6 83. Kxh3 Rb4 84. Ra5 Kf6 85.
Nh5+ Kg6 86. Kg3 Rc4 87. Nf4+ Kf6 88. Kg4 Rd4 89. Ra6+ Ke7 90. Kf5 Rd1 91. Ng6+
Kd7 92. Ne5+ Kc7 93. Rc6+ Kb7 94. Rc2 Rh1 95. Ke6 Rh6+ 96. Kd5 Rh5 97. Rg2 Rh1
98. Kc5 Rc1+ 99. Nc4 Kc7 100. Rg7+ Kd8 101. Kd6 Rd1+ 102. Ke6 Re1+ 103. Ne5 Kc8
104. Rh7 Re2 105. Kd6 Rd2+ 106. Kc5 Rc2+ 107. Nc4 Rc1 108. Rf7 Kd8 109. Kd6
Rd1+ 110. Ke6 Kc8 111. Nd6+ Kb8 112. Rb7+ Ka8 113. Rb2 Rh1 114. Kd7 Rh7+ 115.
Kc6 Rh6 116. Rf2 Ka7 117. Rf8 Rg6 118. Rh8 Rf6 119. Rh7+ Kb8 120. Rd7 Rf1 121.
Rd8+ Ka7 122. Nb5+
1-0

[Event "TV2 Chess International"]
[Site "Fagernes"]
[Date "2015.12.27"]
[Round "2"]
[White "Urkedal, Frode Olav Olsen"]
[Black "Vovk, Yuri"]
[Result "0-1"]
[WhiteElo "2507"]
[BlackElo "2626"]
[PlyCount "134"]
[EventDate "2015.??.??"]

1. d4 Nf6 2. c4 e6 3. Nf3 c5 4. d5 b5 5. Bg5 b4 6. Nbd2 Be7 7. Qc2 O-O 8. dxe6
dxe6 9. e3 Nbd7 10. Bd3 Bb7 11. O-O a5 12. Rfd1 a4 13. Nf1 h6 14. Bh4 Qc7 15.
Bg3 Qc6 16. e4 Rfd8 17. Re1 Nh5 18. e5 Qb6 19. Qe2 Nb8 20. Rad1 b3 21. a3 Nc6
22. Bb1 g6 23. h3 Nxg3 24. Nxg3 Qc7 25. Qe3 Kg7 26. Be4 Rab8 27. Ne2 Nd4 28.
Nc3 Ba6 29. Nxa4 Qa5 30. Nc3 Bxc4 31. Rc1 Rd7 32. Nb1 Ba6 33. Nbd2 Nxf3+ 34.
Nxf3 c4 35. Qc3 Bd8 36. Qe3 Bb6 37. Qf4 Qc5 38. Nh2 Bd8 39. h4 g5 40. Qg3 Kf8
41. Nf3 gxh4 42. Qf4 Kg7 43. Red1 Rxd1+ 44. Rxd1 Qf8 45. Nd4 Bg5 46. Qg4 Rd8
47. Kh2 Kh8 48. f4 Be7 49. f5 Qg8 50. Qh5 Bg5 51. Kh1 exf5 52. Nxf5 Rxd1+ 53.
Qxd1 Bc8 54. Qf3 Be6 55. Nd4 Qe8 56. Nxe6 fxe6 57. Bc6 Qe7 58. Bb5 Kg7 59. Bxc4
Qc7 60. Bxe6 Qc1+ 61. Kh2 Bf4+ 62. Kh3 h5 63. Kxh4 Qh1+ 64. Bh3 Qe1+ 65. g3
Bxe5 66. Qb7+ Kg6 67. Qc6+ Bf6+
0-1

[Event "TV2 Chess International"]
[Site "Fagernes"]
[Date "2015.12.27"]
[Round "2"]
[White "Vovk, Andrey"]
[Black "Antal, Gergely"]
[Result "1-0"]
[WhiteElo "2617"]
[BlackElo "2565"]
[PlyCount "87"]
[EventDate "2015.??.??"]

1. e4 c5 2. Nf3 e6 3. d4 cxd4 4. Nxd4 Nc6 5. Nb5 d6 6. c4 Nf6 7. N1c3 a6 8. Na3
Be7 9. Be2 O-O 10. O-O b6 11. Be3 Bb7 12. Rc1 Ne5 13. f3 Ned7 14. Qd2 Rc8 15.
Rfd1 Qc7 16. Bf1 Qb8 17. Qf2 d5 18. cxd5 exd5 19. exd5 Bd6 20. g3 Rxc3 21. Rxc3
Nxd5 22. Nc4 Nxc3 23. bxc3 Ne5 24. Nxe5 Bxe5 25. c4 Bc6 26. f4 Bc7 27. Rb1 Qe8
28. Re1 Qd8 29. Bg2 Bxg2 30. Qxg2 Re8 31. Qd5 h6 32. Qxd8 Rxd8 33. Kf2 b5 34.
cxb5 axb5 35. Rc1 Bd6 36. Rd1 f6 37. Rd5 b4 38. Kf3 Kf7 39. Bc5 Ke6 40. Rd4 Rd7
41. f5+ Ke5 42. Rd3 Kxf5 43. Rxd6 Rb7 44. Rb6
1-0

[Event "TV2 Chess International"]
[Site "Fagernes"]
[Date "2015.12.27"]
[Round "2"]
[White "Turner, Matthew J"]
[Black "Prohaszka, Peter"]
[Result "1/2-1/2"]
[WhiteElo "2493"]
[BlackElo "2607"]
[PlyCount "32"]
[EventDate "2015.??.??"]

1. c4 c6 2. Nf3 d5 3. e3 Nf6 4. d4 a6 5. Nbd2 Bf5 6. Nh4 Bg4 7. Qb3 Qc7 8. h3
Be6 9. Bd3 g6 10. O-O Bg7 11. Nhf3 O-O 12. Qc2 dxc4 13. Nxc4 c5 14. Bd2 Nbd7
15. Ba5 Qc8 16. Rac1 Bxc4
1/2-1/2

[Event "TV2 Chess International"]
[Site "Fagernes"]
[Date "2015.12.27"]
[Round "2"]
[White "Rausis, Igors"]
[Black "Pavlovic, Milos"]
[Result "1-0"]
[WhiteElo "2600"]
[BlackElo "2496"]
[PlyCount "90"]
[EventDate "2015.??.??"]

1. e4 e5 2. Nf3 Nc6 3. Bb5 Nf6 4. O-O Nxe4 5. d4 Nd6 6. Ba4 e4 7. Re1 Be7 8.
Ne5 O-O 9. Nc3 Bf6 10. Bf4 Nf5 11. Nxe4 Ncxd4 12. c3 Ne6 13. Nxd7 Bxd7 14. Bxd7
Nxf4 15. Bxf5 Qxd1 16. Nxf6+ gxf6 17. Raxd1 Rfd8 18. g3 Ng6 19. f4 Kf8 20. Be4
c6 21. Kf2 h6 22. b4 Rxd1 23. Rxd1 a5 24. b5 cxb5 25. Bxb7 Rb8 26. Be4 Ne7 27.
Rb1 f5 28. Bf3 Rd8 29. Ke1 Rd3 30. Be2 Rxc3 31. Rxb5 Ra3 32. Bc4 a4 33. Ra5 Kg7
34. Bb3 Rxb3 35. axb3 axb3 36. Rb5 Kg6 37. Rxb3 Ng8 38. Rb6+ Nf6 39. Ke2 Kg7
40. Kf3 h5 41. Ra6 Kg6 42. Ke3 Kg7 43. Kd4 Ng8 44. Ke5 Ne7 45. h3 Ng6+
1-0

[Event "TV2 Chess International"]
[Site "Fagernes"]
[Date "2015.12.27"]
[Round "2"]
[White "Getz, Nicolai"]
[Black "Hansen, Torbjørn R."]
[Result "1-0"]
[WhiteElo "2410"]
[BlackElo "2472"]
[PlyCount "69"]
[EventDate "2015.??.??"]

1. d4 Nc6 2. d5 Ne5 3. Nf3 Nxf3+ 4. exf3 e6 5. c4 Nf6 6. Be2 Bb4+ 7. Kf1 O-O 8.
a3 Be7 9. Nc3 d6 10. g4 exd5 11. cxd5 c6 12. Bc4 Nd7 13. Kg2 Ne5 14. Ba2 Kh8
15. h3 f5 16. f4 fxg4 17. fxe5 gxh3+ 18. Kf1 Rxf2+ 19. Kxf2 Bh4+ 20. Ke3 Qb6+
21. Ke4 dxe5 22. Rf1 Bg4 23. Be3 cxd5+ 24. Qxd5 Qg6+ 25. Kxe5 Bf6+ 26. Kf4 Rf8
27. Bc5 Rd8 28. Rae1 Rxd5 29. Nxd5 h5 30. Nxf6 Qxf6+ 31. Kg3 Qxb2 32. Rf8+ Kh7
33. Bb1+ Kh6 34. Rh8+ Kg5 35. Be7+
1-0

[Event "TV2 Chess International"]
[Site "Fagernes"]
[Date "2015.12.27"]
[Round "2"]
[White "Kaasen, Tor Fredrik"]
[Black "Mihajlov, Sebastian"]
[Result "0-1"]
[WhiteElo "2168"]
[BlackElo "2335"]
[PlyCount "107"]
[EventDate "2015.??.??"]

1. e4 e5 2. Nf3 Nc6 3. d4 exd4 4. Nxd4 Qf6 5. Be3 Bc5 6. c3 Nge7 7. g3 d5 8.
Bg2 dxe4 9. Nd2 Bxd4 10. cxd4 Nd5 11. Nxe4 Qe7 12. O-O Nxe3 13. fxe3 O-O 14.
Qb3 Nd8 15. Rac1 c6 16. Qd3 Re8 17. Rc5 f6 18. Kh1 Nf7 19. Rc3 Bg4 20. Nc5 Rad8
21. b4 Nd6 22. a4 Bh5 23. b5 Bg6 24. Qe2 cxb5 25. axb5 b6 26. Na6 Be4 27. Nc7
Rf8 28. Qa2+ Rf7 29. Bxe4 Qxe4+ 30. Qg2 Rdd7 31. Rfc1 f5 32. Qxe4 fxe4 33. Ne6
Rfe7 34. d5 h6 35. h4 Ne8 36. Nf4 Nf6 37. Rc8+ Kf7 38. Rd1 Re5 39. Ra8 g5 40.
hxg5 hxg5 41. Ne6 Rexd5 42. Rxd5 Rxd5 43. Nd4 Rd7 44. Nc6 Ke6 45. Nxa7 Rd1+ 46.
Kg2 Ra1 47. Kh3 Kf5 48. g4+ Kg6 49. Kg3 Kg7 50. Kh3 Ra3 51. Kg2 Nxg4 52. Re8
Nxe3+ 53. Kg3 Nd5+ 54. Kg4
0-1

[Event "TV2 Chess International"]
[Site "Fagernes"]
[Date "2015.12.27"]
[Round "2"]
[White "Merkesvik, Sondre"]
[Black "Machlik, Edit"]
[Result "1-0"]
[WhiteElo "2190"]
[BlackElo "2034"]
[PlyCount "75"]
[EventDate "2015.??.??"]

1. d4 Nf6 2. Nf3 e6 3. c4 Bb4+ 4. Nbd2 d6 5. g3 Nc6 6. Bg2 a5 7. O-O e5 8. a3
Bxd2 9. Qxd2 exd4 10. Nxd4 Ne5 11. Qc2 O-O 12. b3 Nfd7 13. f4 Ng4 14. h3 Ngf6
15. Bb2 Re8 16. e4 Nc5 17. Rae1 Bd7 18. e5 Nh5 19. g4 Nxf4 20. Rxf4 dxe5 21.
Rxf7 Kxf7 22. Bd5+ Be6 23. Qf5+ Qf6 24. Nxe6 Qxf5 25. gxf5 c6 26. Nxc5+ cxd5
27. cxd5 Rad8 28. Rd1 Kf6 29. Nxb7 Rb8 30. Nc5 Kxf5 31. Rf1+ Kg6 32. d6 Red8
33. Bxe5 Rb5 34. b4 axb4 35. axb4 Rxb4 36. Bh2 Rc4 37. Ne6 Rxd6 38. Bxd6
1-0

[Event "TV2 Chess International"]
[Site "Fagernes"]
[Date "2015.12.27"]
[Round "2"]
[White "Nordquelle, Daniel"]
[Black "Gutsko, Anastasia"]
[Result "1-0"]
[WhiteElo "2115"]
[BlackElo "2177"]
[PlyCount "99"]
[EventDate "2015.??.??"]

1. e4 c6 2. d4 d5 3. e5 Bf5 4. h4 h5 5. c4 Bxb1 6. Rxb1 dxc4 7. Bxc4 e6 8. Nf3
Nh6 9. O-O Be7 10. g3 Nf5 11. b4 Nd7 12. Bd3 Nb6 13. Bxf5 exf5 14. b5 Qd5 15.
bxc6 bxc6 16. Qd3 g6 17. Ba3 Qd7 18. Rfc1 Bxa3 19. Qxa3 Rc8 20. Qb4 f4 21. Ng5
Nd5 22. Qa3 fxg3 23. Ne4 gxf2+ 24. Kf1 Qg4 25. Nd6+ Kd7 26. Nxc8 Qg1+ 27. Ke2
Nf4+ 28. Kd2 f1=N+ 29. Rxf1 Qxd4+ 30. Kc2 Qe4+ 31. Kb2 Rxc8 32. Rbd1+ Ke8 33.
Qd6 Nd5 34. e6 Qb4+ 35. Qxb4 Nxb4 36. exf7+ Kf8 37. Rd6 Kg7 38. Rd7 Rf8 39.
Rxa7 Nd3+ 40. Kc3 Ne5 41. a4 Ng4 42. a5 Ne3 43. Re1 Ng2 44. Re4 g5 45. hxg5 h4
46. Re8 Nf4 47. a6 Nd5+ 48. Kd4 h3 49. Rxf8 Kxf8 50. g6
1-0

[Event "TV2 Chess International"]
[Site "Fagernes"]
[Date "2015.12.27"]
[Round "3"]
[White "Prohaszka, Peter"]
[Black "Postny, Evgeny"]
[Result "1/2-1/2"]
[WhiteElo "2607"]
[BlackElo "2670"]
[PlyCount "59"]
[EventDate "2015.??.??"]

1. d4 Nf6 2. c4 e6 3. g3 d5 4. Bg2 Bb4+ 5. Nd2 O-O 6. Ngf3 b6 7. O-O Bb7 8.
cxd5 exd5 9. Ne5 Nbd7 10. Qa4 Bd6 11. Ndc4 Bxe5 12. Nxe5 Nxe5 13. dxe5 Nd7 14.
f4 f6 15. Qd1 Nc5 16. b4 Ne4 17. Bxe4 dxe4 18. Qxd8 Rfxd8 19. exf6 gxf6 20. Be3
Bd5 21. a4 c6 22. a5 bxa5 23. Rxa5 a6 24. Kf2 Bc4 25. Rc5 Bb5 26. Ra1 Rd6 27.
g4 Rad8 28. g5 Rd5 29. gxf6 Kf7 30. Rac1
1/2-1/2

[Event "TV2 Chess International"]
[Site "Fagernes"]
[Date "2015.12.27"]
[Round "3"]
[White "Vovk, Yuri"]
[Black "Turner, Matthew J"]
[Result "1-0"]
[WhiteElo "2626"]
[BlackElo "2493"]
[PlyCount "51"]
[EventDate "2015.??.??"]

1. e4 c5 2. Nf3 d6 3. d4 cxd4 4. Nxd4 Nf6 5. Nc3 Nc6 6. Bg5 g6 7. Bxf6 exf6 8.
Bb5 Bd7 9. O-O Bg7 10. Nde2 Be6 11. Qd2 O-O 12. Rad1 f5 13. Bxc6 bxc6 14. Nd4
Bd7 15. exf5 Qb6 16. fxg6 hxg6 17. b3 Rae8 18. Qf4 Qb4 19. Ne4 d5 20. Nf6+ Bxf6
21. Qxf6 c5 22. Nf3 Bb5 23. c4 dxc4 24. a4 cxb3 25. axb5 Qxb5 26. Qh4
1-0

[Event "TV2 Chess International"]
[Site "Fagernes"]
[Date "2015.12.27"]
[Round "3"]
[White "Rausis, Igors"]
[Black "Vovk, Andrey"]
[Result "1/2-1/2"]
[WhiteElo "2600"]
[BlackElo "2617"]
[PlyCount "27"]
[EventDate "2015.??.??"]

1. d4 f5 2. g3 Nf6 3. Bg2 g6 4. c4 Bg7 5. Nc3 d6 6. Nf3 O-O 7. O-O c6 8. Rb1
Ne4 9. Qc2 Na6 10. Rd1 Qa5 11. Qa4 Qxa4 12. Nxa4 b5 13. cxb5 cxb5 14. Nc3
1/2-1/2

[Event "TV2 Chess International"]
[Site "Fagernes"]
[Date "2015.12.27"]
[Round "3"]
[White "Antal, Gergely"]
[Black "Getz, Nicolai"]
[Result "1-0"]
[WhiteElo "2565"]
[BlackElo "2410"]
[PlyCount "72"]
[EventDate "2015.??.??"]

1. e4 e5 2. Nc3 Nf6 3. g3 Bc5 4. Bg2 Nc6 5. Nge2 a6 6. d3 d6 7. O-O Be6 8. Nd5
Ne7 9. d4 Ba7 10. c4 Nexd5 11. cxd5 Bg4 12. dxe5 dxe5 13. h3 Bxe2 14. Qxe2 Qd6
15. Bg5 Nd7 16. Rac1 O-O 17. Rc2 Bc5 18. Rfc1 a5 19. h4 b6 20. Bh3 Nb8 21. a3
Ra7 22. b4 axb4 23. axb4 Bd4 24. Bd2 g6 25. h5 f5 26. exf5 gxf5 27. Bxf5 Kh8
28. g4 Rxf5 29. gxf5 c5 30. dxc6 Rg7+ 31. Kh1 Qd5+ 32. f3 Rg4 33. Be1 Rg1+ 34.
Kh2 Rg5 35. c7 Bg1+ 36. Kh1 Qg8
1-0

[Event "TV2 Chess International"]
[Site "Fagernes"]
[Date "2015.12.27"]
[Round "3"]
[White "Hansen, Torbjørn R."]
[Black "Urkedal, Frode Olav Olsen"]
[Result "1/2-1/2"]
[WhiteElo "2472"]
[BlackElo "2507"]
[PlyCount "172"]
[EventDate "2015.??.??"]

1. c4 e5 2. Nc3 Nf6 3. Nf3 Nc6 4. e3 Bb4 5. Qc2 O-O 6. Nd5 Re8 7. Qf5 d6 8.
Nxf6+ Qxf6 9. Qxf6 gxf6 10. a3 Bc5 11. b3 Be6 12. Bb2 Bb6 13. Rc1 Ne7 14. d4 c5
15. dxc5 dxc5 16. Bd3 Red8 17. Be4 Ba5+ 18. Bc3 Bxc3+ 19. Rxc3 Rab8 20. Ke2 f5
21. Bc2 f6 22. Nh4 b5 23. cxb5 Rxb5 24. Rd1 Rxd1 25. Bxd1 Nd5 26. Rc1 f4 27.
Nf3 fxe3 28. fxe3 Ra5 29. a4 Nb4 30. Nd2 Na2 31. Ra1 Nb4 32. Kf2 Ra6 33. Be2
Rc6 34. Nc4 Kf7 35. g4 Ke7 36. Rg1 Rc8 37. Rg3 Rg8 38. Rh3 Rg7 39. Rh6 Bf7 40.
Ke1 Bg6 41. Kd2 Kf8 42. Kc3 Rd7 43. Rh3 Kg7 44. Rg3 Bf7 45. Rg2 Nd5+ 46. Kb2
Rb7 47. Rg3 Nb6 48. Kc3 Nd5+ 49. Kc2 Bg6+ 50. Kb2 Rb4 51. a5 h6 52. h4 Rb8 53.
g5 hxg5 54. hxg5 e4 55. gxf6+ Kxf6 56. Rh3 Rd8 57. Rh2 Nb4 58. Kb1 Bf7 59. Rh6+
Kg7 60. Rh4 Rd5 61. Rg4+ Kf6 62. Rg2 Rg5 63. Rf2+ Kg7 64. Kb2 Bg6 65. Bf1 Rg3
66. Rg2 Rxg2+ 67. Bxg2 Kf6 68. Bh3 Nd5 69. Bc8 Nb4 70. Bb7 Ke6 71. Na3 Kd7 72.
Nb5 a6 73. Nc3 Kc7 74. Bxe4 Bxe4 75. Nxe4 Nd5 76. Nxc5 Nxe3 77. Nxa6+ Kc6 78.
Nb4+ Kb5 79. a6 Kb6 80. Kc3 Nf5 81. Kc4 Nd6+ 82. Kd5 Nb5 83. Ke5 Ka5 84. Kd5
Kxb4 85. Kc6 Ka5 86. Kb7 Nd6+
1/2-1/2

[Event "TV2 Chess International"]
[Site "Fagernes"]
[Date "2015.12.27"]
[Round "3"]
[White "Pavlovic, Milos"]
[Black "Merkesvik, Sondre"]
[Result "1-0"]
[WhiteElo "2496"]
[BlackElo "2190"]
[PlyCount "85"]
[EventDate "2015.??.??"]

1. d4 Nf6 2. Nf3 g6 3. Bg5 Ne4 4. Bh4 Bg7 5. Nbd2 d5 6. e3 c5 7. c3 Qb6 8. Qb3
Nxd2 9. Nxd2 Qxb3 10. axb3 cxd4 11. exd4 Bf5 12. Bb5+ Nc6 13. O-O e6 14. Rfe1
a6 15. b4 Rc8 16. Bxc6+ Rxc6 17. Nb3 Bf8 18. Bf6 Rg8 19. h4 Kd7 20. Re3 Bd6 21.
Nc5+ Bxc5 22. dxc5 h5 23. b3 b5 24. Re2 Rb8 25. f3 Rb7 26. Kf2 Ra7 27. Rd2 Rc8
28. Rda2 Rca8 29. Ke3 Kc6 30. Kf4 a5 31. bxa5 Ra6 32. g4 hxg4 33. fxg4 Be4 34.
b4 R6a7 35. a6 Re8 36. Ke5 Rc8 37. Kd4 Bf3 38. Rg1 Rca8 39. Be5 Rxa6 40. Rf2
Be4 41. Rxf7 R6a7 42. Rgf1 Bf5 43. Rxa7
1-0

[Event "TV2 Chess International"]
[Site "Fagernes"]
[Date "2015.12.27"]
[Round "3"]
[White "Mihajlov, Sebastian"]
[Black "Nordquelle, Daniel"]
[Result "1-0"]
[WhiteElo "2335"]
[BlackElo "2115"]
[PlyCount "133"]
[EventDate "2015.??.??"]

1. d4 Nf6 2. c4 c5 3. d5 e6 4. Nc3 exd5 5. cxd5 d6 6. Nf3 a6 7. a4 g6 8. Bf4
Bg7 9. h3 O-O 10. e3 Qe7 11. Be2 Nbd7 12. O-O Rb8 13. Nd2 Ne8 14. Qb3 Ne5 15.
Bxa6 Nc7 16. Be2 Bd7 17. Bh2 f5 18. Nb5 Bxb5 19. Bxb5 Qf7 20. Rfd1 Rfd8 21. Nc4
Nxc4 22. Bxc4 Qf6 23. Rab1 b5 24. axb5 Rb6 25. Qd3 Rdb8 26. b4 cxb4 27. Rxb4
Na6 28. Rbb1 Nc5 29. Qc2 Ne4 30. Rbc1 Rc8 31. Qb3 Qb2 32. Qxb2 Bxb2 33. Rc2 Nc3
34. Bf1 Rc5 35. Rd3 Rcxb5 36. Rxb2 Rxb2 37. Rxc3 Rd2 38. g4 Kg7 39. Rc7+ Kf6
40. Rc6 Rxc6 41. dxc6 Rc2 42. Bxd6 Rxc6 43. Bg3 Rb6 44. gxf5 gxf5 45. f3 Rb2
46. Bg2 Rb3 47. Bf4 Rb1+ 48. Kh2 Rb2 49. Kg3 Rb3 50. h4 Ra3 51. Bh3 Ra4 52. Bd6
Rc4 53. f4 h5 54. Be5+ Kg6 55. Bf1 Rb4 56. Kf3 Rb1 57. Bd3 Rh1 58. e4 Rh3+ 59.
Ke2 fxe4 60. Bxe4+ Kf7 61. f5 Ra3 62. Bd5+ Ke8 63. f6 Ra5 64. f7+ Ke7 65. Bd6+
Kd7 66. f8=Q Ra2+ 67. Bxa2
1-0